Music Quiz

Random Music or Clip Quiz

50 Song Music Clip Quiz II Stats

 Plays Quiz Updated Sep 13, 2016

Challenge
Share
Tweet
Score 0/50 Timer 14:00
11 Plays Today
Time Song Title % Correct
1:23Moves Like Jagger
88.1%
4:52Girls Just Want To Have Fun
85.9%
0:16How To Save A Life
80.7%
1:01Come On Eileen
76%
1:07Dynamite
75.4%
0:00California Dreamin'
72%
2:26Bittersweet Symphony
70.9%
4:03Ain't No Mountain High Enough
65.7%
0:47Spirit In The Sky
64.8%
2:18Video Killed The Radio Star
64.3%
3:19December 1963 (Oh What A Night)
62.8%
5:18Build Me Up Buttercup
62.7%
3:38It's My Party
62.4%
1:15Achy Breaky Heart
60%
1:47Smooth
58.1%
0:31The Sweet Escape
56.6%
6:06Somewhere Only We Know
55.1%
3:55Talk Dirty
53.2%
1:55Viva Las Vegas
51.4%
5:34Hero
48.5%
5:10Ruby
43.5%
0:54Walk On The Wild Side
43.3%
0:24My Boyfriend's Back
41.7%
6:31Son Of A Preacher Man
40.3%
1:31Under The Boardwalk
40.1%
Time Song Title % Correct
0:39Back For Good
35.7%
3:48Gold
35.4%
5:27Knock On Wood
34.7%
5:50Rhinestone Cowboy
32%
3:29We Like To Party
26.7%
2:11Round Round
25.1%
5:00Head Over Feet
23.9%
5:57The Look
23.7%
4:27Goody Two Shoes
21.2%
4:19Hit 'Em Up Style (Oops)
19.7%
2:34Magic Moments
18.7%
2:52Lady (Hear Me Tonight)
18.3%
4:09Making Your Mind Up
18.1%
4:37Nutbush City Limits
17.2%
1:39Groovejet (If This Ain't Love)
16.8%
4:45Bonfire Heart
14.6%
6:21If You Could Read My Mind
13.6%
0:08Respectable
13%
5:42The Wire
13%
3:02Swear It Again
9.9%
6:39The Chicken Song
6%
3:10Bo Diddley
5.6%
2:04Baby Did A Bad, Bad Thing
5.5%
2:43Paid In Full
3.4%
6:14No One Sleeps When I'm Awake
1%

You're not logged in!

Compare scores with friends on all Sporcle quizzes.
Join for Free
OR
Log In

You Might Also Like...

Show Comments

Extras

Top Quizzes Today


Score Distribution

Your Account Isn't Verified!

In order to create a playlist on Sporcle, you need to verify the email address you used during registration. Go to your Sporcle Settings to finish the process.

Report this User

Report this user for behavior that violates our Community Guidelines.

Details: